000 00931nam a2200241Ia 4500
001 17109
003 GE_BSU
008 181216s||||||||xx |||||||||||||| ||und||
020 _a99928-43-02-0
040 _cGE_BSU
080 _a821.353.1-94
100 _aახვლედიანი, ვახტანგ
245 _aცხოვრების გზაწვრილებით
245 _bავტობიოგრ. ჩანაწერები
245 _cრედ.: ზეინაბ ახვლედიანი, ომარ მეგრელიშვილი ; მხატვ. ავტ.
260 _aბათუმი
260 _bალიონი
260 _c2000
300 _a116გვ. : ნახ. ; 17სმ
653 _aავტობიოგრ. ჩანაწერები
653 _aცხოვრების გზაწვრილებით
942 _cBK
999 _c50171
_d50171